[Event "BCF-chT4 2223 (4NCL)"]
[Site "England"]
[Date "2023.03.26"]
[Round "8.74"]
[White "Levens, David G"]
[Black "Acharya, Kandara"]
[Result "1/2-1/2"]
[WhiteElo "1780"]
[BlackElo "1558"]
[PlyCount "181"]
[EventDate "2022.11.05"]
[EventType "team-swiss"]
[EventRounds "11"]
[EventCountry "ENG"]
[SourceTitle "EXT 2024"]
[Source "ChessBase"]
[SourceDate "2023.10.10"]
[SourceVersion "1"]
[SourceVersionDate "2023.10.10"]
[SourceQuality "1"]
[WhiteTeam "Ashfield II"]
[BlackTeam "She Plays To Win Lionesses"]
[WhiteTeamCountry "ENG"]
[BlackTeamCountry "ENG"]

1. e4 c5 2. d4 cxd4 3. c3 Nc6 4. cxd4 d5 5. e5 g6 6. Nc3 Bg7 7. f4 f6 8. Nf3 Nh6 9. Be2 0-0 10. 0-0 Nf5 11. g4 Nh6 12. h3 Be6 13. Be3 Rc8 14. Qd2 f5 15. Ng5 Qd7 16. Nxe6 Qxe6 17. Bf3 Rfd8 18. Qg2 Kh8 19. g5 Nf7 20. a3 Na5 21. Bxd5 Rxd5 22. Qxd5 Qxd5 23. Nxd5 Nb3 24. Rad1 Rd8 25. Nb4 a5 26. Nc2 Rc8 27. Rf2 e6 28. d5 exd5 29. Rxd5 a4 30. Nb4 Nd8 31. Rc2 Nc6 32. Rb5 Rd8 33. Nxc6 bxc6 34. Rxc6 Kg8 35. Rb7 Na5 36. Bb6 Rd1+ 37. Kg2 Nxc6 38. Rc7 Nxe5 39. fxe5 Bxe5 40. Ra7 Bxb2 41. Rxa4 Rd2+ 42. Bf2 Kf7 43. Kf1 Rd3 44. Ra7+ Ke6 45. a4 Rxh3 46. a5 Ra3 47. Bb6 Bc3 48. Bd8 Kd5 49. a6 Bd4 50. Rd7+ Ke4 51. Bf6 Kf3 52. Ke1 Bxf6 53. gxf6 Rxa6 54. f7 Ra8 55. Rd3+ Kg4 56. Kf2 Rf8 57. Rg3+ Kf4 58. Rf3+ Kg5 59. Re3 Rxf7 60. Re6 h5 61. Kg3 Rb7 62. Re8 Rb3+ 63. Kg2 h4 64. Rh8 Kg4 65. Kh2 Rb2+ 66. Kg1 g5 67. Rc8 f4 68. Rc1 f3 69. Rf1 Kg3 70. Kh1 h3 71. Rg1+ Rg2 72. Rf1 h2 73. Rxf3+ Kg4 74. Rf2 Rg3 75. Kxh2 Rf3 76. Rc2 Rf5 77. Kg2 Rf4 78. Rc5 Rb4 79. Rc2 Kh4 80. Kh2 g4 81. Kg2 Rb3 82. Kh2 Rh3+ 83. Kg2 Rd3 84. Kh2 Rf3 85. Kg2 Re3 86. Kf2 Rh3 87. Kg2 Rg3+ 88. Kh2 Rb3 89. Kg2 Kg5 90. Rc5+ Kf4 91. Rc4+ 1/2-1/2

[Event "BCF-chT4 2223 (4NCL)"]
[Site "England"]
[Date "2022.11.06"]
[Round "2.85"]
[White "Holmes, Adam Rafael"]
[Black "Levens, David G"]
[Result "1/2-1/2"]
[WhiteElo "1430"]
[BlackElo "1780"]
[PlyCount "72"]
[EventDate "2022.11.05"]
[EventType "team-swiss"]
[EventRounds "11"]
[EventCountry "ENG"]
[SourceTitle "EXT 2024"]
[Source "ChessBase"]
[SourceDate "2023.10.10"]
[SourceVersion "1"]
[SourceVersionDate "2023.10.10"]
[SourceQuality "1"]
[WhiteTeam "Sussex Martlets III"]
[BlackTeam "Ashfield II"]
[WhiteTeamCountry "ENG"]
[BlackTeamCountry "ENG"]

1. d4 d5 2. c4 e5 3. dxe5 d4 4. Nf3 Nc6 5. Bf4 Nge7 6. e3 Ng6 7. a3 a5 8. Bd3 dxe3 9. fxe3 Bg4 10. 0-0 Ngxe5 11. Bxe5 Nxe5 12. Be2 Qxd1 13. Rxd1 Nxf3+ 14. Bxf3 Bc8 15. Nc3 c6 16. Ne4 Be7 17. Nd6+ Bxd6 18. Rxd6 0-0 19. Rad1 Bf5 20. h3 Rae8 21. Kf2 Re7 22. g4 Be6 23. b3 g5 24. Rd8 a4 25. bxa4 Bxc4 26. Rxf8+ Kxf8 27. Rd8+ Kg7 28. Ra8 Ba6 29. Bxc6 Rc7 30. Bb5 Rc3 31. Bxa6 bxa6 32. Rxa6 Rxa3 33. Ra8 Ra2+ 34. Kf3 Rh2 35. a5 Rxh3+ 36. Ke4 Rg3 1/2-1/2

[Event "GBR-ch 65+ 106th"]
[Site "Torquay"]
[Date "2019.07.30"]
[Round "2"]
[White "Ramage, Colin R"]
[Black "Levens, David G"]
[Result "1-0"]
[WhiteElo "1798"]
[BlackElo "1904"]
[PlyCount "55"]
[EventDate "2019.07.29"]
[EventType "swiss"]
[EventRounds "7"]
[EventCountry "ENG"]
[SourceTitle "EXT 2020"]
[Source "ChessBase"]
[SourceDate "2019.10.17"]
[SourceVersion "1"]
[SourceVersionDate "2019.10.17"]
[SourceQuality "1"]

1. e4 c5 2. d4 cxd4 3. c3 d3 4. Bxd3 d6 5. Nf3 Nc6 6. Be3 Nf6 7. 0-0 e6 8. Qc2 Be7 9. Rd1 Bd7 10. Nbd2 Rc8 11. Bb5 Qa5 12. Bxc6 bxc6 13. Nc4 Qc7 14. e5 dxe5 15. Ncxe5 Rd8 16. Nxd7 Nxd7 17. Qa4 Nb6 18. Rxd8+ Bxd8 19. Bxb6 axb6 20. Nd4 0-0 21. Qxc6 Qf4 22. Qf3 Qh6 23. Rd1 Bc7 24. g3 e5 25. Nb5 Bb8 26. Qd5 Qf6 27. Nd6 Rd8 28. Ne4 1-0

[Event "BCF-chT4S 1819 (4NCL)"]
[Site "England"]
[Date "2019.01.12"]
[Round "3.92"]
[White "Levens, David G"]
[Black "Homolka, Vincent"]
[Result "1-0"]
[WhiteElo "1930"]
[BlackElo "1766"]
[PlyCount "85"]
[EventDate "2018.11.17"]
[EventType "team-swiss"]
[EventRounds "11"]
[EventCountry "ENG"]
[SourceTitle "EXT 2021"]
[Source "ChessBase"]
[SourceDate "2020.10.23"]
[SourceVersion "1"]
[SourceVersionDate "2020.10.23"]
[SourceQuality "1"]
[WhiteTeam "Ashfield II"]
[BlackTeam "CSC Dragons III"]
[WhiteTeamCountry "ENG"]
[BlackTeamCountry "ENG"]

1. e4 d5 2. exd5 Qxd5 3. d4 Nf6 4. c4 Qa5+ 5. Bd2 Qb6 6. c5 Qe6+ 7. Be2 g6 8. Nf3 Bg7 9. 0-0 0-0 10. Nc3 Rd8 11. Re1 c6 12. b3 Qd7 13. Bc4 Qc7 14. Qc1 Nd5 15. Bg5 f6 16. Bf4 Qd7 17. Bh6 Bxh6 18. Qxh6 e6 19. Ne4 Qg7 20. Qh4 g5 21. Qg3 Nd7 22. Qd6 Re8 23. b4 Nf8 24. b5 Bd7 25. Bxd5 cxd5 26. Nc3 Rac8 27. a4 Red8 28. Qg3 Ng6 29. a5 Nf4 30. a6 Rb8 31. axb7 Rxb7 32. c6 Rc7 33. Na4 Bc8 34. Nc5 e5 35. dxe5 Qf8 36. exf6 Qxc5 37. Qxg5+ Ng6 38. f7+ Rxf7 39. Qxd8+ Rf8 40. Re8 Bf5 41. Rxf8+ Nxf8 42. Qg5+ Bg6 43. Rc1 1-0

[Event "BCF-chT4S 1819 (4NCL)"]
[Site "England"]
[Date "2018.11.18"]
[Round "2.31"]
[White "Levens, David G"]
[Black "Cooksey, Paul S"]
[Result "0-1"]
[WhiteElo "1930"]
[BlackElo "2278"]
[PlyCount "106"]
[EventDate "2018.11.17"]
[EventType "team-swiss"]
[EventRounds "11"]
[EventCountry "ENG"]
[SourceTitle "EXT 2021"]
[Source "ChessBase"]
[SourceDate "2020.10.23"]
[SourceVersion "1"]
[SourceVersionDate "2020.10.23"]
[SourceQuality "1"]
[WhiteTeam "Ashfield II"]
[BlackTeam "Crowthorne"]
[WhiteTeamCountry "ENG"]
[BlackTeamCountry "ENG"]

1. e4 c6 2. d4 d5 3. exd5 cxd5 4. Bd3 Nc6 5. c3 Qc7 6. Qc2 Nf6 7. Nf3 Bg4 8. Nbd2 e6 9. h3 Bh5 10. 0-0 Bd6 11. b3 0-0 12. Bb2 Rac8 13. a3 Rfd8 14. Rfe1 Bg6 15. c4 Bf4 16. Bxg6 hxg6 17. c5 Bxd2 18. Nxd2 Qf4 19. g3 Qf5 20. Qxf5 gxf5 21. f3 g6 22. b4 a6 23. Nb3 Kg7 24. Bc3 Rh8 25. Kg2 g5 26. g4 Ne7 27. Bd2 Nh7 28. a4 Ng6 29. b5 Nhf8 30. Na5 b6 31. Nc6 Nd7 32. gxf5 Nh4+ 33. Kh2 Nxf3+ 34. Kg3 Nxd2 35. Ne7 Ne4+ 36. Rxe4 dxe4 37. Nxc8 Rxc8 38. c6 Nf6 39. fxe6 fxe6 40. a5 bxa5 41. bxa6 Nd5 42. Rxa5 Kf6 43. a7 Ra8 44. Kf2 Ke7 45. Kg3 Kd6 46. Kg4 e3 47. Ra1 e2 48. Re1 Nc3 49. Kxg5 Rxa7 50. h4 Rf7 51. c7 Kxc7 52. Rc1 Kd6 53. h5 Nd1 0-1

[Event "BCF-ch Seniors 65"]
[Site "Hull"]
[Date "2018.08.02"]
[Round "5"]
[White "Anderton, David William"]
[Black "Levens, David G"]
[Result "1-0"]
[WhiteElo "2084"]
[BlackElo "1909"]
[PlyCount "103"]
[EventDate "2018.07.29"]
[EventType "swiss"]
[EventRounds "7"]
[EventCountry "ENG"]
[SourceTitle "CBM 185 Extra"]
[Source "ChessBase"]
[SourceDate "2018.07.29"]
[SourceVersion "1"]
[SourceVersionDate "2018.07.29"]
[SourceQuality "1"]

1. d4 e6 2. c4 f5 3. g3 Nf6 4. Bg2 Be7 5. Nf3 d6 6. 0-0 0-0 7. Nc3 a5 8. b3 Na6 9. Bb2 Qe8 10. Re1 Ne4 11. Nd2 Nxd2 12. Qxd2 c5 13. Nb5 cxd4 14. Bxd4 e5 15. Bc3 Qg6 16. Bxa5 f4 17. Bc3 Nc5 18. Rad1 Rf6 19. Nc7 fxg3 20. fxg3 h5 21. Nd5 Bd8 22. Nxf6+ Bxf6 23. Qxd6 Nd7 24. Qd3 Qe8 25. a4 Kh8 26. Bb4 h4 27. Be4 Qd8 28. a5 Ra6 29. Bf5 e4 30. Qxe4 b6 31. Qg4 Qe8 32. Bxd7 Qe3+ 33. Kf1 Bxd7 34. Rxd7 bxa5 35. Bd2 Qe8 36. Rd5 Qf8 37. Kg2 Qa8 38. Rf1 a4 39. bxa4 Rxa4 40. Bg5 Qxd5+ 41. cxd5 Rxg4 42. Bxf6 gxf6 43. Rxf6 hxg3 44. hxg3 Kg7 45. Rf4 Rg6 46. e4 Rd6 47. Kf3 Kg6 48. Ke3 Ra6 49. Kd4 Ra3 50. d6 Kg5 51. Rf8 Ra7 52. e5 1-0

[Event "BCF-ch Seniors 65"]
[Site "Hull"]
[Date "2018.07.29"]
[Round "1"]
[White "Surtees, Michael"]
[Black "Levens, David G"]
[Result "0-1"]
[WhiteElo "2146"]
[BlackElo "1909"]
[PlyCount "138"]
[EventDate "2018.07.29"]
[EventType "swiss"]
[EventRounds "7"]
[EventCountry "ENG"]
[SourceTitle "CBM 185 Extra"]
[Source "ChessBase"]
[SourceDate "2018.07.29"]
[SourceVersion "1"]
[SourceVersionDate "2018.07.29"]
[SourceQuality "1"]

1. e4 c5 2. Nh3 d6 3. g3 Nc6 4. f4 Nf6 5. Nf2 g6 6. Bg2 Bd7 7. Na3 Bg7 8. 0-0 Rc8 9. c3 a6 10. d3 0-0 11. g4 b5 12. Nc2 Qc7 13. Be3 Rfd8 14. h3 e6 15. Qd2 Ne7 16. Rac1 Bc6 17. Qe2 Bb7 18. Kh1 d5 19. e5 Nd7 20. d4 c4 21. Bd2 Nb6 22. Rce1 Na4 23. Bc1 a5 24. Rg1 Qb6 25. a3 Nc6 26. f5 b4 27. Nd1 bxc3 28. bxc3 Qb3 29. Qd2 Na7 30. Bf1 Nb5 31. Rg3 Bf8 32. h4 Qa2 33. Re2 Qb3 34. h5 exf5 35. gxf5 Rc6 36. hxg6 fxg6 37. Reg2 Bg7 38. e6 Rf8 39. Nce3 Naxc3 40. e7 Re8 41. Nf2 Nxd4 42. fxg6 h6 43. Bb2 Ndb5 44. Nf5 d4 45. Bxc3 Rf6 46. Bxd4 Bxg2+ 47. Kxg2 c3 48. Bxc3 Nxc3 49. Qxc3 Qd5+ 50. Qf3 Qxf5 51. Qxf5 Rxf5 52. Bc4+ Kh8 53. Bf7 Rxe7 54. Rd3 Bf8 55. Kg3 Kg7 56. Ng4 Rg5 57. Kf3 h5 58. Nf2 Rf5+ 59. Kg3 Re1 60. Nh3 Kf6 61. Nf4 Re4 62. Ng2 Ree5 63. Kh3 Rg5 64. Rf3+ Ref5 65. Rc3 Rf2 66. Ne1 Bd6 67. Nf3 Rg3+ 68. Kh4 Rgxf3 69. Rxf3+ Rxf3 0-1

[Event "BCF-ch Seniors 65"]
[Site "Llandudno"]
[Date "2017.08.04"]
[Round "6"]
[White "Levens, David G"]
[Black "Barton, R Alan"]
[Result "0-1"]
[WhiteElo "1963"]
[BlackElo "2043"]
[PlyCount "84"]
[EventDate "2017.07.30"]
[EventType "swiss"]
[EventRounds "7"]
[EventCountry "WLS"]
[SourceTitle "CBM 179 Extra"]
[Source "ChessBase"]
[SourceDate "2017.08.23"]
[SourceVersion "1"]
[SourceVersionDate "2017.08.23"]
[SourceQuality "1"]

1. e4 b6 2. d4 Bb7 3. Nc3 e6 4. g3 Bb4 5. Bg2 f5 6. d5 Nf6 7. exf5 0-0 8. Nge2 Nxd5 9. 0-0 Nxc3 10. bxc3 Bxg2 11. Kxg2 Bc5 12. fxe6 Qf6 13. Nf4 dxe6 14. Qe2 e5 15. Nd5 Qc6 16. c4 Nd7 17. Qe4 Kh8 18. Bb2 Rae8 19. Rae1 Bd6 20. f4 Nc5 21. Qf3 Rf7 22. Qg4 exf4 23. gxf4 b5 24. Rxe8+ Qxe8 25. f5 c6 26. Nf4 Qe4+ 27. Qf3 Rxf5 28. Qxe4 Nxe4 29. Ne6 Rxf1 30. Bxg7+ Kg8 31. Kxf1 Kf7 32. c5 Bxh2 33. Nd8+ Kxg7 34. Nxc6 a6 35. Kg2 Bc7 36. Nb4 Nxc5 37. Nd5 Be5 38. Kf3 Kf7 39. Kg4 Ke6 40. Ne3 Ne4 41. c4 b4 42. Nd5 Nf6+ 0-1

[Event "BCF-chT3N 1617 (4NCL)"]
[Site "England"]
[Date "2017.04.29"]
[Round "9.26"]
[White "Levens, David G"]
[Black "Costello, John"]
[Result "1-0"]
[WhiteElo "1954"]
[BlackElo "1698"]
[PlyCount "63"]
[EventDate "2016.11.26"]
[EventType "team-swiss"]
[EventRounds "11"]
[EventCountry "ENG"]
[SourceTitle "EXT 2019"]
[Source "ChessBase"]
[SourceDate "2018.10.10"]
[SourceVersion "1"]
[SourceVersionDate "2018.10.10"]
[SourceQuality "1"]
[WhiteTeam "Ashfield Breadsall"]
[BlackTeam "Manx Liberty"]
[WhiteTeamCountry "ENG"]
[BlackTeamCountry "IOM"]

1. e4 d5 2. exd5 Qxd5 3. Nc3 Qd8 4. d4 Nf6 5. Bc4 a6 6. Nf3 b5 7. Bb3 c5 8. dxc5 Qxd1+ 9. Nxd1 e6 10. Be3 Nfd7 11. 0-0 Nxc5 12. Nc3 Bb7 13. Rfd1 Nxb3 14. axb3 Nd7 15. Ng5 h6 16. Nxf7 Rg8 17. Nd6+ Bxd6 18. Rxd6 Ke7 19. Rad1 Rgd8 20. b4 Rac8 21. f3 Nf6 22. Bc5 Rxd6 23. Rxd6 Kf7 24. Kf2 Rc7 25. Ke3 Nd7 26. Kd4 Nf6 27. Ne4 Nd7 28. Nf2 Nf6 29. Nd3 Nd7 30. Ne5+ Nxe5 31. Kxe5 Bc8 32. c3 1-0

[Event "BCF-ch Seniors 65"]
[Site "Bournemouth"]
[Date "2016.07.30"]
[Round "7"]
[White "Levens, David G"]
[Black "Byway, Paul V"]
[Result "1-0"]
[WhiteElo "1922"]
[BlackElo "2069"]
[PlyCount "87"]
[EventDate "2016.07.24"]
[EventType "swiss"]
[EventRounds "7"]
[EventCountry "ENG"]
[SourceTitle "CBM 173 Extra"]
[Source "ChessBase"]
[SourceDate "2016.08.29"]
[SourceVersion "1"]
[SourceVersionDate "2016.08.29"]
[SourceQuality "1"]

1. e4 c5 2. Nf3 e6 3. d4 cxd4 4. Nxd4 Nf6 5. Bd3 Nc6 6. Be3 d5 7. Nxc6 bxc6 8. e5 Nd7 9. f4 Ba6 10. 0-0 Bxd3 11. cxd3 c5 12. Nd2 Be7 13. Qf3 0-0 14. Qh3 Qb6 15. b3 f5 16. Nf3 Rfc8 17. Rf2 a5 18. g4 g6 19. gxf5 exf5 20. Rg2 Rf8 21. Ng5 Bxg5 22. Rxg5 a4 23. bxa4 Rxa4 24. Qg2 Qe6 25. h4 Rc8 26. h5 Kf7 27. hxg6+ hxg6 28. Qh3 Kg7 29. Rg2 Rh8 30. Qg3 Rh6 31. Bc1 Rh8 32. Rb1 Rb4 33. Rxb4 cxb4 34. Be3 Rb8 35. Rh2 b3 36. axb3 Rxb3 37. Qh4 Rb1+ 38. Kg2 Nf8 39. Qh8+ Kf7 40. Bc5 Rb8 41. Rh7+ Nxh7 42. Qxh7+ Ke8 43. Qh8+ Kd7 44. Qxb8 1-0

[Event "BCF-ch Seniors 65"]
[Site "Bournemouth"]
[Date "2016.07.28"]
[Round "5"]
[White "Homolka, Vincent"]
[Black "Levens, David G"]
[Result "0-1"]
[WhiteElo "1786"]
[BlackElo "1922"]
[PlyCount "100"]
[EventDate "2016.07.24"]
[EventType "swiss"]
[EventRounds "7"]
[EventCountry "ENG"]
[SourceTitle "CBM 173 Extra"]
[Source "ChessBase"]
[SourceDate "2016.08.29"]
[SourceVersion "1"]
[SourceVersionDate "2016.08.29"]
[SourceQuality "1"]

1. e4 c5 2. Nc3 Nc6 3. g3 g6 4. Bg2 Bg7 5. d3 e6 6. Be3 b6 7. Qd2 Nd4 8. Nd1 Bb7 9. c3 Nc6 10. Ne2 h5 11. h3 Nge7 12. 0-0 d6 13. Rc1 Qd7 14. b4 0-0-0 15. Nb2 Kb8 16. Rfd1 cxb4 17. cxb4 d5 18. d4 dxe4 19. Bxe4 Nxd4 20. Bxb7 Nxe2+ 21. Qxe2 Qxb7 22. Bf4+ e5 23. Bxe5+ Bxe5 24. Qxe5+ Ka8 25. Rc7 Nc6 26. Qxh8 Qxc7 27. Rxd8+ Qxd8 28. Qxd8+ Nxd8 29. Kg2 Kb7 30. Kf3 Nc6 31. Nd3 Kc7 32. Ke4 Kd6 33. f4 f5+ 34. Ke3 b5 35. h4 Kd5 36. a3 a5 37. bxa5 Nxa5 38. Ne5 Nc4+ 39. Kd3 Nxa3 40. Kc3 Nc4 41. Nxg6 Kc5 42. Ne7 b4+ 43. Kb3 Ne3 44. Ng6 Nf1 45. g4 fxg4 46. f5 Nd2+ 47. Kc2 Ne4 48. Nf4 Nf6 49. Kb3 Kd4 50. Kxb4 Nd5+ 0-1

[Event "BCF-chT3 1415 (4NCL)"]
[Site "England"]
[Date "2015.05.04"]
[Round "11.30"]
[White "Hand, Freddie"]
[Black "Levens, David G"]
[Result "1-0"]
[WhiteElo "1834"]
[BlackElo "1855"]
[PlyCount "67"]
[EventDate "2015.03.21"]
[EventType "team-swiss"]
[EventRounds "11"]
[EventCountry "ENG"]
[SourceTitle "EXT 2016"]
[Source "ChessBase"]
[SourceDate "2015.10.08"]
[SourceVersion "1"]
[SourceVersionDate "2015.10.08"]
[SourceQuality "1"]
[WhiteTeam "KJCA Knights"]
[BlackTeam "e2e4.org.uk V"]
[WhiteTeamCountry "ENG"]
[BlackTeamCountry "ENG"]

1. d4 Nf6 2. c4 g6 3. f3 Bg7 4. e4 d6 5. Nc3 0-0 6. Be3 Nbd7 7. Nge2 c5 8. d5 Ne5 9. Ng3 a6 10. Be2 Bd7 11. h3 b5 12. cxb5 axb5 13. 0-0 Qb6 14. b4 h5 15. Rb1 Ra3 16. Qc1 Rfa8 17. bxc5 dxc5 18. f4 Rxc3 19. Qxc3 Nxe4 20. Qe1 Nxg3 21. Qxg3 Rxa2 22. Rfe1 h4 23. Qxh4 Ra4 24. Qxe7 Bf6 25. Qxc5 Qxc5 26. Bxc5 Rxf4 27. Bxb5 Bxb5 28. Rxb5 Nd3 29. Rf1 Rc4 30. Rxf6 Nxc5 31. Rc6 Rc1+ 32. Kh2 Nd3 33. Rxc1 Nxc1 34. d6 1-0

[Event "BCF-chT3 1415 (4NCL)"]
[Site "England"]
[Date "2015.05.02"]
[Round "9.50"]
[White "Armstrong, William G"]
[Black "Levens, David G"]
[Result "1-0"]
[WhiteElo "1857"]
[BlackElo "1855"]
[PlyCount "78"]
[EventDate "2015.03.21"]
[EventType "team-swiss"]
[EventRounds "11"]
[EventCountry "ENG"]
[SourceTitle "EXT 2016"]
[Source "ChessBase"]
[SourceDate "2015.10.08"]
[SourceVersion "1"]
[SourceVersionDate "2015.10.08"]
[SourceQuality "1"]
[WhiteTeam "Cheddleton III"]
[BlackTeam "e2e4.org.uk V"]
[WhiteTeamCountry "ENG"]
[BlackTeamCountry "ENG"]

1. d4 Nf6 2. Nf3 g6 3. g3 Bg7 4. Bg2 0-0 5. 0-0 d5 6. Nbd2 Bf5 7. c3 c5 8. dxc5 Nc6 9. Nd4 Bd7 10. a3 a6 11. Re1 e5 12. Nxc6 Bxc6 13. Qc2 Qe7 14. b4 a5 15. e4 Nxe4 16. Nxe4 dxe4 17. a4 f5 18. b5 Bd5 19. Ba3 Qe6 20. Rab1 Rfd8 21. Bf1 e3 22. Rxe3 Be4 23. Bd3 Bh6 24. Rxe4 fxe4 25. Bxe4 Rd2 26. Qb3 Qxb3 27. Rxb3 Rb8 28. c4 Bf8 29. Bd5+ Kg7 30. Rf3 Rd1+ 31. Kg2 Kh8 32. Bxb7 Bxc5 33. Bxc5 Rxb7 34. Rc3 Kg7 35. Be3 Rb1 36. c5 Rb4 37. c6 Rb8 38. Ba7 Rc8 39. b6 Ra8 1-0

[Event "BCF-ch Senior"]
[Site "Torquay"]
[Date "2013.08.09"]
[Round "7.75"]
[White "Payne, Colin R"]
[Black "Levens, David G"]
[Result "1/2-1/2"]
[WhiteElo "1864"]
[BlackElo "1982"]
[PlyCount "82"]
[EventDate "2013.08.03"]
[EventType "swiss"]
[EventRounds "7"]
[EventCountry "ENG"]
[SourceTitle "EXT 2023"]
[Source "ChessBase"]
[SourceDate "2022.10.05"]
[SourceVersion "1"]
[SourceVersionDate "2022.10.05"]
[SourceQuality "1"]

1. e4 c5 2. Nc3 e6 3. f4 Nc6 4. Nf3 Nge7 5. d4 cxd4 6. Nxd4 Nxd4 7. Qxd4 Nc6 8. Qf2 Be7 9. Bd3 0-0 10. 0-0 g6 11. f5 Bf6 12. Ne2 Ne5 13. h3 Nxd3 14. cxd3 exf5 15. exf5 Kh8 16. Bh6 Rg8 17. Be3 d6 18. Bd4 gxf5 19. Bxf6+ Qxf6 20. Qd4 Qxd4+ 21. Nxd4 Rg5 22. Nb5 Be6 23. Nxd6 Rag8 24. Rf2 f4 25. g4 Rd5 26. Ne4 Rxd3 27. Kh2 Rd4 28. Nf6 Rgd8 29. b3 Rd2 30. Raf1 R8d4 31. Nh5 Kg8 32. Kg1 f3 33. Rxd2 Rxd2 34. Rf2 Rd3 35. Kh2 Bd5 36. Nf6+ Kg7 37. Nxd5 Rxd5 38. Kg3 Rd3 39. Rxf3 Rd2 40. Rf2 Rd3+ 41. Rf3 Rd2 1/2-1/2

[Event "BCF-ch Senior"]
[Site "Torquay"]
[Date "2013.08.05"]
[Round "2.64"]
[White "Levens, David G"]
[Black "Friedgood, David"]
[Result "0-1"]
[WhiteElo "1962"]
[BlackElo "2215"]
[PlyCount "78"]
[EventDate "2013.08.03"]
[EventType "swiss"]
[EventRounds "7"]
[EventCountry "ENG"]
[SourceTitle "EXT 2023"]
[Source "ChessBase"]
[SourceDate "2022.10.05"]
[SourceVersion "1"]
[SourceVersionDate "2022.10.05"]
[SourceQuality "1"]

1. e4 c5 2. d4 cxd4 3. c3 dxc3 4. Nxc3 Nc6 5. Nf3 e6 6. Bc4 a6 7. Qe2 Nge7 8. Bg5 h6 9. Be3 Ng6 10. 0-0 b5 11. Bb3 Be7 12. Nd4 Nxd4 13. Bxd4 0-0 14. f4 Qc7 15. Qe3 Bb7 16. Rac1 Qb8 17. g3 Bc6 18. h4 b4 19. Na4 e5 20. fxe5 Bxa4 21. Bxa4 Nxe5 22. Rf5 d6 23. Bb3 Qb5 24. Rcf1 Kh7 25. Bxf7 Qd3 26. Qxd3 Nxd3 27. Bc4 Rxf5 28. Rxf5 Ne5 29. Be6 Bf6 30. Be3 Ng4 31. Bf2 Nxf2 32. Rxf2 Bd4 33. Kf1 Bxf2 34. Kxf2 Kg6 35. g4 Kf6 36. Bc4 a5 37. b3 Rc8 38. Ke3 Ke5 39. Kd3 g5 0-1

[Event "BCF-chT3 0910 (4NCL)"]
[Site "England"]
[Date "2010.05.03"]
[Round "11.4"]
[White "Davis, Alexei"]
[Black "Levens, David G"]
[Result "0-1"]
[WhiteElo "1730"]
[BlackElo "1986"]
[PlyCount "82"]
[EventDate "2009.10.24"]
[EventType "team-tourn"]
[EventRounds "11"]
[EventCountry "ENG"]
[SourceTitle "EXT 2011"]
[Source "ChessBase"]
[SourceDate "2010.11.26"]
[SourceVersion "1"]
[SourceVersionDate "2010.11.26"]
[SourceQuality "1"]
[WhiteTeam "KJCA Knights"]
[BlackTeam "Nottinghamshire"]
[WhiteTeamCountry "ENG"]
[BlackTeamCountry "ENG"]

1. d4 d5 2. Nf3 Nf6 3. e3 g6 4. Bd3 Bg7 5. b3 0-0 6. Bb2 Nbd7 7. 0-0 c5 8. Nbd2 Qc7 9. Ne5 Nxe5 10. dxe5 Ng4 11. Be2 Nxe5 12. f4 Nc6 13. Bxg7 Kxg7 14. a3 e5 15. c4 d4 16. fxe5 Qxe5 17. e4 Qe7 18. Qc2 f5 19. Bd3 Ne5 20. Rae1 f4 21. Nf3 Ng4 22. Qb2 Ne3 23. Rf2 Bg4 24. Nd2 Rf7 25. Nf1 Nd1 26. Rxd1 Bxd1 27. b4 Raf8 28. Nd2 b6 29. Rf1 Bg4 30. bxc5 bxc5 31. Nb3 f3 32. Rf2 Qg5 33. h4 Qe5 34. Bf1 fxg2 35. Rxf7+ Rxf7 36. Bxg2 Bf3 37. Qc2 Qg3 38. Nxc5 Bxg2 39. Qxg2 Qe1+ 40. Kh2 Rf2 41. Ne6+ Kf6 0-1

[Event "BCF-chT3 0809 (4NCL)"]
[Site "Hinckley Island"]
[Date "2009.03.21"]
[Round "7.4"]
[White "Twitchell, Neville H"]
[Black "Levens, David G"]
[Result "0-1"]
[WhiteElo "1983"]
[BlackElo "2009"]
[PlyCount "77"]
[EventDate "2008.10.18"]
[EventType "team-swiss"]
[EventRounds "11"]
[EventCountry "ENG"]
[SourceTitle "EXT 2010"]
[Source "ChessBase"]
[SourceDate "2010.11.25"]
[SourceVersion "1"]
[SourceVersionDate "2010.11.25"]
[SourceQuality "1"]
[WhiteTeam "Mindsports"]
[BlackTeam "Nottinghamshire"]
[WhiteTeamCountry "ENG"]
[BlackTeamCountry "ENG"]

1. e4 c5 2. a3 d6 3. b4 Nc6 4. b5 Nb8 5. d4 cxd4 6. Qxd4 e5 7. Qd1 Be6 8. c4 Nd7 9. Nc3 Rc8 10. Nd5 Bxd5 11. cxd5 Nc5 12. Bd3 Qa5+ 13. Kf1 Nf6 14. Bd2 Qd8 15. Bg5 Be7 16. Bxf6 Bxf6 17. Ne2 0-0 18. g3 g6 19. Kg2 Bg7 20. Bc2 f5 21. f3 fxe4 22. fxe4 Qg5 23. Qe1 Qe3 24. Ng1 Qh6 25. Nf3 Ne6 26. Bd1 Nc5 27. Qe2 Rf7 28. Rf1 g5 29. Bc2 Rcf8 30. h4 Qh5 31. hxg5 Qg4 32. Rf2 Rf4 33. Re1 h5 34. gxh6 Bxh6 35. Kh2 Rxf3 36. Rg2 Qh5+ 37. Kg1 Be3+ 38. Qxe3 Rxe3 39. Rxe3 0-1

[Event "BCF-chT4 0708 (4NCL)"]
[Site "England"]
[Date "2008.02.09"]
[Round "5.4"]
[White "Terry, Sean"]
[Black "Levens, David G"]
[Result "1-0"]
[WhiteElo "1841"]
[BlackElo "2010"]
[PlyCount "71"]
[EventDate "2007.09.15"]
[EventType "team-swiss"]
[EventRounds "11"]
[EventCountry "ENG"]
[SourceTitle "EXT 2009"]
[Source "ChessBase"]
[SourceDate "2008.11.26"]
[SourceVersion "1"]
[SourceVersionDate "2008.11.26"]
[SourceQuality "1"]
[WhiteTeam "Oxford III"]
[BlackTeam "Nottinghamshire"]
[WhiteTeamCountry "ENG"]
[BlackTeamCountry "ENG"]

1. e4 c5 2. Nc3 e6 3. f4 Nc6 4. Nf3 g6 5. Be2 Nge7 6. 0-0 Bg7 7. d3 d5 8. Qe1 Nd4 9. Bd1 0-0 10. Ne2 Nxe2+ 11. Bxe2 Nc6 12. c3 b6 13. e5 Ba6 14. d4 Bb7 15. Be3 cxd4 16. Nxd4 Nxd4 17. Bxd4 Qc8 18. a4 Ba6 19. a5 b5 20. b4 Qd7 21. Rf3 f6 22. Rh3 fxe5 23. fxe5 Rf4 24. Bd3 Rc8 25. Qg3 Qf7 26. Qg5 Rf8 27. Be3 Rf5 28. Bxf5 exf5 29. Bd4 Re8 30. Re3 h6 31. e6 hxg5 32. exf7+ Kxf7 33. Rxe8 Bxd4+ 34. cxd4 Kxe8 35. Re1+ Kf7 36. Rc1 1-0